1383 1153 1162 1531 1120 1703 1096 1190 1877 1420 1366 1350 1921 1129 1544 1541 1347 1451 1018 1487 1441 1757 1122 1959 1289 1285 1182 1273 1028 1059 1973 1500 1294 1829 1933 1452 1505 1911 1156 1626 1247 1100 1547 1533 1776 1148 1192 1067 1599 1800 1212 1906 1461 1345 1685 1062 1883 1362 1537 1005 1488 1061 1801 1167 1025 1932 1219 1956 1654 1297 1271 1271 1523 1584 1528 1373 1742 1697 1563 1943 1831 1826 1712 1730 1081 1704 1387 1507 1608 1971 1680 1151 1778 1965 1712 1929 1782 1592 1536 BCNSPRNW ULIB Ver.6.0+V

เปลี่ยนเป็นภาษาไทย

Change to English
 แสดงรายละเอียดบรรณานุกรม
  กลับหน้าหลัก

Brief Record : Get Marc (ISO 2709) : E-mail record : QR code < ปิดหน้าต่าง
LEADER : 00000nam 2200000uu 4500
001    13399123199
003     ULIB
008    020711s2548 th a 000 0 tha d
020    9789749271360
020    974927136x
050    HF5549^bว894ม
100    วีรพจน์ ลือประสิทธิ์สกุล
245    การเอาใจใส่ทรัพยากรณ์มนุษย์ : การบริหารความรู้และการเรียนรู้ /^cวีรพจน์ ลือประสิทธิ์สกุล
250    พิมพ์ครั้งที่ 1
260    กรุงเทพฯ :^bทีคิวเอ็มเบสท์,^c2548
300    116 หน้า;^b26 ซม.
650    การบริหารความรู้
945    ^p300^l0^i20335
รายการนี้ยังไม่มีแท็ก
คุณยังไม่ได้ล็อกอิน คุณสามารถมีกิจกรรมร่วมกับเว็บไซต์ได้ แต่ต้องล็อกอินก่อน ::
  ล็อกอิน

รายการสื่อสารสนเทศ

ลำดับที่ ประเภท เลขเรียก/บาร์โค้ด สถานที่ สถานะ
1. การศึกษาทั่วไป
การศึกษาทั่วไป
HF5549 ว894ม ฉ.1 
  Barcode: 20335
ห้องสมุดวิทยาเขตนครสวรรค์
►หนังสือทั่วไป:l:General Books
บนชั้น

รายการใกล้เคียง
    หัวเรื่อง [การบริหารความรู้]

BibComment


ยังไม่เคยถูกคอมเมนท์

คอมเมนท์ทรัพยากรรายการนี้
  คอมเมนท์: การเอาใจใส่ทรัพยา..


 Copyright 2026. Bcnsprnw @Library